Enforcement or negotiation : (Record no. 60063)
[ view plain ]
| 000 -LEADER | |
|---|---|
| fixed length control field | 01063nam a2200301 a 4500 |
| 001 - CONTROL NUMBER | |
| control field | 60063 |
| 003 - CONTROL NUMBER IDENTIFIER | |
| rucl marc code | BD-RjUL |
| 005 - DATE AND TIME OF LATEST TRANSACTION | |
| control field | 20211209080812.0 |
| 008 - FIXED-LENGTH DATA ELEMENTS--GENERAL INFORMATION | |
| fixed length control field | 161228s1986 nyua b s001 0 eng |
| 020 ## - INTERNATIONAL STANDARD BOOK NUMBER | |
| International Standard Book Number | 0887063438 |
| International Standard Book Number | 088706342X (pbk.) |
| 035 ## - SYSTEM CONTROL NUMBER | |
| System control number | (BD-RjUL)60187 |
| 040 ## - CATALOGING SOURCE | |
| Original cataloging agency | DLC |
| Transcribing agency | DLC |
| Modifying agency | DLC |
| -- | BD-RjUL |
| Language of cataloging | eng |
| 041 ## - LANGUAGE CODE | |
| Language code of text/sound track or separate title | eng |
| 082 00 - DEWEY DECIMAL CLASSIFICATION NUMBER | |
| Classification number | 353.0082326 |
| Edition number | 23 |
| Author mark and year | SHE 1986 |
| 100 1# - MAIN ENTRY--PERSONAL NAME | |
| Personal name | Shover, Neal. |
| 9 (RLIN) | 178760 |
| 245 10 - TITLE STATEMENT | |
| Title | Enforcement or negotiation : |
| Remainder of title | constructing a regulatory bureaucracy / |
| Statement of responsibility, etc. | Neal Shover, Donald A. Clelland, John Lynxwiler. |
| 260 ## - PUBLICATION, DISTRIBUTION, ETC. (IMPRINT) | |
| Place of publication, distribution, etc. | New York : |
| Name of publisher, distributor, etc. | State University of New York Press, |
| Date of publication, distribution, etc. | c1986. |
| 300 ## - PHYSICAL DESCRIPTION | |
| Pagination | xi, 193 p. : |
| Illustrations | ill. ; |
| Size | 24 cm. |
| 500 ## - GENERAL NOTE | |
| General note | |
| 504 ## - BIBLIOGRAPHY, ETC. NOTE | |
| Bibliography, etc | Includes index and Bibliography |
| 650 #0 - SUBJECT ADDED ENTRY--TOPICAL TERM | |
| Topical term or geographic name as entry element | Strip mining |
| General subdivision | Law and legislation |
| Geographic subdivision | United States. |
| 9 (RLIN) | 178762 |
| 700 1# - ADDED ENTRY--PERSONAL NAME | |
| Personal name | Clelland, Donald A. |
| Personal name | Lynxwiler, John. |
| 830 ## - SERIES ADDED ENTRY--UNIFORM TITLE | |
| Uniform title | SUNY series in critical issues in criminal justice |
| 942 ## - ADDED ENTRY ELEMENTS (KOHA) | |
| Source of classification or shelving scheme | Dewey Decimal Classification |
| Koha item type | Books |
| Lost status | Source of classification or shelving scheme | Damaged status | Not for loan | Collection code | Permanent Location | Current Location | Shelving location | Date acquired | Source of acquisition | Total Checkouts | Full call number | Date last seen | Copy number | Koha item type |
|---|---|---|---|---|---|---|---|---|---|---|---|---|---|---|
| Dewey Decimal Classification | Not For Loan | Non-fiction | Central Library, University of Rajshahi | Central Library, University of Rajshahi | Reading Room | 05/12/1993 | Gift | 353.0082326 SHE 1986 | 28/12/2016 | C-1 | Books |